Fast Typing Girl's Names - Statistics

General Stats
  • This quiz has been taken 10,756 times
  • The average score is 15 of 26
Answer Stats
Hint Answer % Correct
Ashley Ashley
98%
Betty Betty
97%
Caroline Caroline
91%
Ellie Ellie
90%
Grace Grace
84%
Daphne Daphne
83%
Felicity Felicity
78%
Hillary Hillary
75%
Isabelle Isabelle
71%
Nancy Nancy
68%
Kelly Kelly
67%
Olivia Olivia
64%
Lauren Lauren
60%
Patty Patty
59%
Quinn Quinn
54%
Jacqueline Jacqueline
52%
Rachel Rachel
47%
Sarah Sarah
47%
Mackenzie Mackenzie
45%
Tammy Tammy
43%
Ursula Ursula
33%
Violet Violet
32%
Xena Xena
24%
Whitney Whitney
22%
Yolanda Yolanda
16%
Zarhara Zarhara
11%
No matching quizzes found
Score Distribution
Percent of People with Each Score
Percentile by Number Answered
Your Score History
You have not taken this quiz